| 000 | 01171nac a22003017a 4500 | ||
|---|---|---|---|
| 001 | BR8201285 | ||
| 003 | BR-BrBNA | ||
| 005 | 20240105115249.0 | ||
| 008 | 230509b bl.|||m| |||| 00| 0 por d | ||
| 040 |
_aBR-BrBNA _bpor _cBiblioteca Nacional de Agricultura |
||
| 072 | _aH10 | ||
| 090 | _a1112 BR8201285 | ||
| 100 | 1 | _aMesquita, A.L.M. | |
| 100 | 1 | _aAlves, E.J. | |
| 100 | 1 | _aLucchini, F. | |
| 110 | 1 |
_aCentro Nacional de Pesquisa de Mandioca e Fruticultura, Cruz das Almas, BA (Brasil) _91783 |
|
| 245 | 1 | _aAtaque da broca do rizoma da bananeira, cosmopolites sordidus Germ., em diferentes fases do ciclo biologico da planta [Musa spp; Brasil] | |
| 246 | 1 | _a[Attack of rhizoma borer of banana tree, cosmopolites sordidus Germ, in different phases of the plant biological cycle [Musa spp; Brazil]] | |
| 260 | 3 |
_aCruz das Almas, BA (Brasil): _c1981. |
|
| 300 | _a3 p. | ||
| 490 |
_aPesquisa em Andamento - Centro Nacional de Pesquisa de Mandioca e Fruticultura (Brazil) _vno. 19 _x |
||
| 500 | _a9 ref. | ||
| 650 | _aPraga de planta | ||
| 650 | _aBanana | ||
| 650 | _aBroca | ||
| 909 |
_a202312 _bLúcia Elande _c55 _dLúcia Elande |
||
| 942 |
_2AGRIS _n0 _cMS |
||
| 999 |
_c273950 _d273950 |
||